Inter Milan's Parking the Bus - Statistics

General Stats
  • This quiz has been taken 47 times
  • The average score is 10 of 12
Answer Stats
Parking the Bus Position Nation Player % Correct
Parking the Bus FW Cameroonian Samuel Eto'o
98%
Parking the Bus DF (c) Argentinian Javier Zanetti
95%
Parking the Bus Manager Portuguese José Mourinho
95%
Parking the Bus GK Brazilian Julio César
93%
Parking the Bus MF Dutch Wesley Sneijder
93%
Parking the Bus DF Brazilian Maicon
90%
Parking the Bus FW Argentinian Diego Milito
85%
Parking the Bus DF Brazilian Lucio
85%
Parking the Bus MF Argentinian Esteban Cambiasso
83%
Parking the Bus DF Argentinian Walter Samuel
80%
Parking the Bus FW Romanian Cristian Chivu
75%
Parking the Bus MF [red card 28'] Brazilian-Italian Thiago Motta
73%
No matching quizzes found
Score Distribution
Percent of People with Each Score
Percentile by Number Answered
Your Score History
You have not taken this quiz